| 000 | 00445nam a22001697a 4500 | ||
|---|---|---|---|
| 005 | 20230309064025.0 | ||
| 008 | 230309b |||||||| |||| 00| 0 eng d | ||
| 020 | _a978-1-68188-441-7 | ||
| 082 | _a641.5123 C737 2018 | ||
| 245 | _aThe complete junior chef cookbook / | ||
| 260 |
_aSan Francisco, CA: _bWeldon Owen, _cc2018 |
||
| 300 |
_a127p.: _bcol. ill. |
||
| 504 | _aIncludes index | ||
| 541 | _e6935 | ||
| 650 | _aCooking | ||
| 650 | _aBaking | ||
| 999 |
_c1685 _d1685 |
||